Дело о переделке по Екатеринославском тюремном замке

Доступно только в Электронных читальных залах Найти на картеНа карте
RUSMARC
00004056nmc2a22000003x 450
001e40db859-7c0a-4866-b51a-5379df409332
00520200306035428.0
100##$a20180907l18661872k l0rusy0189 ca
1010#$arus
102##$aRU
251##$cДело
300##$aДело
300##$aОриг. заголовок дела: Дело о распространении помещения Екатеринославского тюремного замка. 26 ноября 1866 г. - 26 июня 1872 г
801#0$aRU
$bРГИА
$c20180907
$gRCR
801#1$aRU
$bГлавНИВЦ
$c20180907
$2rusmarc
801#2$aRU
$bПБ им. Б.Н. Ельцина
$c20200306
$gRCR
$2rusmarc
850##$aРГИА
852##$aРГИА
$eФедеральное казенное учреждение "Российский государственный исторический архив" (РГИА)
$j1194
937##$hРГИА
$d12293141
$aASBIBLIO_SCAN
462#0$1001d8f9f7d4-b5a2-42ce-9901-502471366df6
$12001
$aДела Департамента полиции исполнительной МВД за 1866 год
$1251
$cОпись
$1852
$j27
$l1866 г.
461#0$10013e300ed0-cd39-49af-8489-5ba5b90fa401
$12001
$aДепартамент полиции исполнительной МВД
$1251
$cФонд
$1852
$j1286
2001#$aДело о переделке по Екатеринославском тюремном замке
$j26 ноября 1866 г. - 26 июня 1872 г.
215##$a236 л.
$d36,5х26 см
371##$aДокумент не является опубликованным и широко распространяемым
105##$ay###
1222#$ad
5171#$aДело о распространении помещения Екатеринославского тюремного замка. 26 ноября 1866 г. - 26 июня 1872 г
035##$ae40db859-7c0a-4866-b51a-5379df409332
856##$uhttp://readingroom.main.prlib.ru/item.aspx?id_node=n143209160&mode=full
Формат отображения